[Event "DVM U20w 2023"]
[Site "Magdeburg GER"]
[Date "2023.12.28"]
[Round "4"]
[White "Muhina, Liana"]
[Black "Dieckmann, Phibie"]
[Result "1-0"]
[Termination "normal"]
[Board "6.4"]
[WhiteElo "1192"]
[BlackElo "1083"]
[WhiteClock "00:05:13"]
[BlackClock "00:09:44"]
[WhiteTeam "SC Garching 1980"]
[BlackTeam "SC Porta Westfalica 1950"]
[PlyCount "141"]
[WhiteFideId "16266145"]
[BlackFideId "34607161"]
[EventCountry "GER"]
[EventRounds "7"]
[EventType "team-swiss"]
[EventDate "2023.12.26"]

1. e4 {[%clk 01:30:57]} {[%emt 00:00:03]} c5 {[%clk 01:30:50]} {[%emt
00:00:09]} 2. Nf3 {[%clk 01:30:55]} {[%emt 00:00:32]} d6 {[%clk 01:30:32]}
{[%emt 00:00:48]} 3. Bb5+ {[%clk 01:30:37]} {[%emt 00:00:47]} Nd7 {[%clk
01:30:40]} {[%emt 00:00:23]} 4. d4 {[%clk 01:29:16]} {[%emt 00:01:51]} cxd4
{[%clk 01:29:58]} {[%emt 00:01:13]} 5. Nxd4 {[%clk 01:29:28]} {[%emt 00:00:18]}
a6 {[%clk 01:29:11]} {[%emt 00:01:18]} 6. Be2 {[%clk 01:26:36]} {[%emt
00:03:21]} Ngf6 {[%clk 01:28:30]} {[%emt 00:01:12]} 7. Nc3 {[%clk 01:26:10]}
{[%emt 00:00:56]} g6 {[%clk 01:27:56]} {[%emt 00:01:03]} 8. Bg5 {[%clk
01:25:04]} {[%emt 00:01:36]} Bg7 {[%clk 01:26:53]} {[%emt 00:01:34]} 9. Qd2
{[%clk 01:25:12]} {[%emt 00:00:22]} O-O {[%clk 01:20:55]} {[%emt 00:06:28]} 10.
Bh6 {[%clk 01:23:52]} {[%emt 00:01:50]} Ne5 {[%clk 01:17:49]} {[%emt 00:03:35]}
11. Bxg7 {[%clk 01:20:47]} {[%emt 00:03:35]} Kxg7 {[%clk 01:18:08]} {[%emt
00:00:11]} 12. f4 {[%clk 01:20:52]} {[%emt 00:00:26]} Nc6 {[%clk 01:14:17]}
{[%emt 00:04:20]} 13. h4 {[%clk 01:14:25]} {[%emt 00:06:58]} e5 {[%clk
01:07:31]} {[%emt 00:07:15]} 14. Nxc6 {[%clk 01:07:21]} {[%emt 00:07:35]} bxc6
{[%clk 01:06:48]} {[%emt 00:01:13]} 15. f5 {[%clk 01:07:37]} {[%emt 00:00:13]}
d5 {[%clk 01:05:23]} {[%emt 00:01:55]} 16. h5 {[%clk 01:00:36]} {[%emt
00:07:32]} Nxe4 {[%clk 01:04:07]} {[%emt 00:01:46]} 17. Qe3 {[%clk 00:55:08]}
{[%emt 00:05:58]} Bxf5 {[%clk 00:57:57]} {[%emt 00:06:40]} 18. hxg6 {[%clk
00:53:57]} {[%emt 00:01:41]} Qg5 {[%clk 00:53:16]} {[%emt 00:05:11]} 19. Qxg5
{[%clk 00:46:02]} {[%emt 00:08:25]} Nxg5 {[%clk 00:53:34]} {[%emt 00:00:12]}
20. gxf7 {[%clk 00:46:05]} {[%emt 00:00:27]} Rxf7 {[%clk 00:52:39]} {[%emt
00:01:25]} 21. O-O-O {[%clk 00:44:48]} {[%emt 00:01:47]} Ne4 {[%clk 00:52:25]}
{[%emt 00:00:44]} 22. Rh5 {[%clk 00:40:41]} {[%emt 00:04:37]} Nxc3 {[%clk
00:51:03]} {[%emt 00:01:52]} 23. bxc3 {[%clk 00:40:34]} {[%emt 00:00:37]} h6
{[%clk 00:50:36]} {[%emt 00:00:57]} 24. Rdh1 {[%clk 00:38:26]} {[%emt
00:02:38]} Rf6 {[%clk 00:49:07]} {[%emt 00:01:59]} 25. g4 {[%clk 00:33:46]}
{[%emt 00:05:11]} Be4 {[%clk 00:48:29]} {[%emt 00:01:07]} 26. R1h2 {[%clk
00:29:30]} {[%emt 00:04:45]} Re8 {[%clk 00:46:47]} {[%emt 00:02:12]} 27. g5
{[%clk 00:26:12]} {[%emt 00:03:48]} hxg5 {[%clk 00:46:16]} {[%emt 00:00:59]}
28. Rxg5+ {[%clk 00:26:33]} {[%emt 00:00:11]} Bg6 {[%clk 00:44:49]} {[%emt
00:01:57]} 29. Bh5 {[%clk 00:16:52]} {[%emt 00:10:11]} e4 {[%clk 00:44:17]}
{[%emt 00:01:02]} 30. Rhg2 {[%clk 00:13:27]} {[%emt 00:03:55]} Ree6 {[%clk
00:44:00]} {[%emt 00:00:48]} 31. Bg4 {[%clk 00:12:36]} {[%emt 00:01:21]} Re7
{[%clk 00:41:29]} {[%emt 00:02:59]} 32. Bh5 {[%clk 00:12:46]} {[%emt 00:00:21]}
Ree6 {[%clk 00:40:32]} {[%emt 00:01:28]} 33. Bg4 {[%clk 00:13:07]} {[%emt
00:00:08]} Rd6 {[%clk 00:40:40]} {[%emt 00:00:22]} 34. Bh5 {[%clk 00:13:23]}
{[%emt 00:00:10]} c5 {[%clk 00:40:35]} {[%emt 00:00:38]} 35. Kd2 {[%clk
00:12:11]} {[%emt 00:01:43]} Kh6 {[%clk 00:39:35]} {[%emt 00:01:30]} 36. Be2
{[%clk 00:07:15]} {[%emt 00:05:25]} Rf5 {[%clk 00:35:56]} {[%emt 00:04:10]} 37.
R5g3 {[%clk 00:04:40]} {[%emt 00:03:04]} d4 {[%clk 00:34:59]} {[%emt 00:01:28]}
38. Rh2+ {[%clk 00:02:03]} {[%emt 00:03:07]} Kg7 {[%clk 00:33:25]} {[%emt
00:02:03]} 39. Bh5 {[%clk 00:01:54]} {[%emt 00:00:39]} e3+ {[%clk 00:32:04]}
{[%emt 00:01:52]} 40. Ke2 {[%clk 00:01:22]} {[%emt 00:01:01]} Kf7 {[%clk
00:29:17]} {[%emt 00:03:17]} 41. Bg4 {[%clk 00:00:43]} {[%emt 00:01:10]} Rf4
{[%clk 00:26:59]} {[%emt 00:02:46]} 42. Ke1 {[%clk 00:25:57]} {[%emt 00:05:17]}
d3 {[%clk 00:53:14]} {[%emt 00:04:16]} 43. cxd3 {[%clk 00:22:22]} {[%emt
00:04:05]} Rxd3 {[%clk 00:53:10]} {[%emt 00:00:33]} 44. Rc2 {[%clk 00:20:24]}
{[%emt 00:02:28]} Rd6 {[%clk 00:47:08]} {[%emt 00:06:31]} 45. Re2 {[%clk
00:19:19]} {[%emt 00:01:36]} Rd3 {[%clk 00:41:22]} {[%emt 00:06:15]} 46. Rc2
{[%clk 00:17:54]} {[%emt 00:01:56]} Rc4 {[%clk 00:38:15]} {[%emt 00:03:37]} 47.
Be2 {[%clk 00:16:21]} {[%emt 00:02:03]} Be4 {[%clk 00:18:19]} {[%emt 00:20:26]}
48. Bxd3 {[%clk 00:15:20]} {[%emt 00:01:31]} Bxd3 {[%clk 00:18:36]} {[%emt
00:00:14]} 49. Rf3+ {[%clk 00:15:38]} {[%emt 00:00:11]} Ke6 {[%clk 00:18:30]}
{[%emt 00:00:37]} 50. Rxe3+ {[%clk 00:15:46]} {[%emt 00:00:22]} Be4 {[%clk
00:18:22]} {[%emt 00:00:38]} 51. Rb2 {[%clk 00:14:48]} {[%emt 00:01:29]} Ke5
{[%clk 00:17:41]} {[%emt 00:01:10]} 52. Rb8 {[%clk 00:10:13]} {[%emt 00:05:05]}
Kf4 {[%clk 00:16:05]} {[%emt 00:02:06]} 53. Kd2 {[%clk 00:09:25]} {[%emt
00:01:19]} Ra4 {[%clk 00:14:55]} {[%emt 00:01:38]} 54. a3 {[%clk 00:08:45]}
{[%emt 00:01:12]} a5 {[%clk 00:13:32]} {[%emt 00:01:52]} 55. Rc8 {[%clk
00:07:19]} {[%emt 00:01:55]} Rc4 {[%clk 00:13:37]} {[%emt 00:00:26]} 56. Re1
{[%clk 00:06:41]} {[%emt 00:01:08]} a4 {[%clk 00:12:18]} {[%emt 00:01:47]} 57.
Rf8+ {[%clk 00:06:21]} {[%emt 00:00:51]} Ke5 {[%clk 00:12:36]} {[%emt
00:00:14]} 58. Re8+ {[%clk 00:06:35]} {[%emt 00:00:14]} Kd5 {[%clk 00:12:44]}
{[%emt 00:00:22]} 59. Rg1 {[%clk 00:06:22]} {[%emt 00:00:45]} Kd6 {[%clk
00:10:27]} {[%emt 00:02:45]} 60. Rh8 {[%clk 00:05:56]} {[%emt 00:00:56]} Bf5
{[%clk 00:10:20]} {[%emt 00:00:36]} 61. Rh6+ {[%clk 00:05:54]} {[%emt
00:00:34]} Be6 {[%clk 00:10:31]} {[%emt 00:00:19]} 62. Re1 {[%clk 00:05:09]}
{[%emt 00:01:15]} Kd5 {[%clk 00:08:13]} {[%emt 00:02:48]} 63. Rhxe6 {[%clk
00:04:55]} {[%emt 00:00:44]} Rb4 {[%clk 00:08:17]} {[%emt 00:00:26]} 64. R1e5+
{[%clk 00:04:38]} {[%emt 00:00:46]} Kc4 {[%clk 00:08:32]} {[%emt 00:00:17]} 65.
Re4+ {[%clk 00:04:58]} {[%emt 00:00:08]} Kb3 {[%clk 00:08:48]} {[%emt
00:00:14]} 66. Rxb4+ {[%clk 00:05:03]} {[%emt 00:00:25]} cxb4 {[%clk 00:09:09]}
{[%emt 00:00:09]} 67. cxb4 {[%clk 00:05:23]} {[%emt 00:00:11]} Kxa3 {[%clk
00:09:29]} {[%emt 00:00:10]} 68. b5 {[%clk 00:04:58]} {[%emt 00:00:54]} Kb4
{[%clk 00:09:22]} {[%emt 00:00:39]} 69. b6 {[%clk 00:04:50]} {[%emt 00:00:39]}
Kc5 {[%clk 00:09:18]} {[%emt 00:00:34]} 70. b7 {[%clk 00:05:02]} {[%emt
00:00:17]} Kd5 {[%clk 00:09:44]} {[%emt 00:00:03]} 71. Ra6 {[%clk 00:05:13]}
{[%emt 00:00:19]} 1-0

[Event "DVM U20w 2023"]
[Site "Magdeburg GER"]
[Date "2023.12.28"]
[Round "4"]
[White "Falke, Ornella"]
[Black "Kanno, Clara Yumi"]
[Result "1-0"]
[Termination "normal"]
[Board "7.1"]
[WhiteTitle "WCM"]
[WhiteElo "1969"]
[BlackElo "1440"]
[WhiteClock "00:15:03"]
[BlackClock "00:10:55"]
[WhiteTeam "Elmshorner SC 1896"]
[BlackTeam "SF Essen-Werden 1924/80"]
[PlyCount "79"]
[WhiteFideId "16207092"]
[BlackFideId "16259661"]
[EventCountry "GER"]
[EventRounds "7"]
[EventType "team-swiss"]
[EventDate "2023.12.26"]

1. c4 {[%clk 01:30:50]} {[%emt 00:00:09]} c5 {[%clk 01:30:16]} {[%emt
00:00:44]} 2. g3 {[%clk 01:30:57]} {[%emt 00:00:23]} Nf6 {[%clk 01:29:21]}
{[%emt 00:01:24]} 3. Bg2 {[%clk 01:31:18]} {[%emt 00:00:09]} d6 {[%clk
01:28:03]} {[%emt 00:01:49]} 4. Nc3 {[%clk 01:31:37]} {[%emt 00:00:10]} Nc6
{[%clk 01:28:09]} {[%emt 00:00:25]} 5. Nf3 {[%clk 01:29:46]} {[%emt 00:02:21]}
Bf5 {[%clk 01:23:10]} {[%emt 00:05:29]} 6. d3 {[%clk 01:26:24]} {[%emt
00:03:52]} g6 {[%clk 01:15:47]} {[%emt 00:07:53]} 7. h3 {[%clk 01:26:16]}
{[%emt 00:00:37]} Bg7 {[%clk 01:14:29]} {[%emt 00:01:49]} 8. e4 {[%clk
01:25:19]} {[%emt 00:01:26]} Bd7 {[%clk 01:13:35]} {[%emt 00:01:24]} 9. Be3
{[%clk 01:24:21]} {[%emt 00:01:29]} e5 {[%clk 01:12:53]} {[%emt 00:01:12]} 10.
O-O {[%clk 01:23:56]} {[%emt 00:00:55]} O-O {[%clk 01:12:55]} {[%emt 00:00:28]}
11. a3 {[%clk 01:23:31]} {[%emt 00:00:56]} a6 {[%clk 01:12:05]} {[%emt
00:01:20]} 12. Rb1 {[%clk 01:16:47]} {[%emt 00:07:14]} Nd4 {[%clk 01:08:09]}
{[%emt 00:04:26]} 13. b4 {[%clk 01:14:54]} {[%emt 00:02:22]} b6 {[%clk
01:06:09]} {[%emt 00:02:32]} 14. Kh2 {[%clk 01:10:38]} {[%emt 00:04:45]} Rb8
{[%clk 01:04:44]} {[%emt 00:01:56]} 15. Nd2 {[%clk 01:08:12]} {[%emt 00:02:55]}
Qc7 {[%clk 00:57:49]} {[%emt 00:07:25]} 16. f4 {[%clk 01:06:24]} {[%emt
00:02:18]} exf4 {[%clk 00:55:44]} {[%emt 00:02:35]} 17. gxf4 {[%clk 01:03:20]}
{[%emt 00:03:34]} Nh5 {[%clk 00:47:35]} {[%emt 00:08:40]} 18. Ne2 {[%clk
00:59:48]} {[%emt 00:04:03]} Nxe2 {[%clk 00:46:52]} {[%emt 00:01:12]} 19. Qxe2
{[%clk 01:00:10]} {[%emt 00:00:07]} f5 {[%clk 00:45:04]} {[%emt 00:02:18]} 20.
Bf3 {[%clk 00:55:54]} {[%emt 00:04:45]} Nf6 {[%clk 00:43:51]} {[%emt 00:01:43]}
21. Bf2 {[%clk 00:54:22]} {[%emt 00:02:03]} fxe4 {[%clk 00:42:02]} {[%emt
00:02:19]} 22. dxe4 {[%clk 00:53:25]} {[%emt 00:01:28]} Bc6 {[%clk 00:40:07]}
{[%emt 00:02:24]} 23. Bg3 {[%clk 00:49:47]} Nd7 {[%clk 00:36:38]} {[%emt
00:08:07]} 24. Qd3 {[%clk 00:36:22]} Rbe8 {[%clk 00:34:52]} {[%emt 00:16:11]}
25. Rbd1 {[%clk 00:30:45]} Rf6 {[%clk 00:29:25]} {[%emt 00:12:00]} 26. b5 axb5
27. cxb5 {[%clk 00:28:15]} Bb7 {[%clk 00:27:45]} {[%emt 00:01:17]} 28. Nc4
{[%clk 00:23:21]} {[%emt 00:05:23]} d5 {[%clk 00:22:50]} {[%emt 00:05:25]} 29.
exd5 {[%clk 00:21:43]} {[%emt 00:02:08]} Bh6 {[%clk 00:19:30]} {[%emt
00:03:52]} 30. d6 {[%clk 00:18:02]} {[%emt 00:04:10]} Qc8 {[%clk 00:19:34]}
{[%emt 00:00:21]} 31. Bg4 {[%clk 00:17:19]} {[%emt 00:01:18]} Be4 {[%clk
00:17:12]} {[%emt 00:02:52]} 32. Qb3 {[%clk 00:17:04]} {[%emt 00:00:45]} Rf7
{[%clk 00:13:00]} {[%emt 00:04:43]} 33. Nxb6 {[%clk 00:16:04]} {[%emt
00:01:30]} Qd8 {[%clk 00:12:26]} {[%emt 00:01:02]} 34. Nxd7 {[%clk 00:16:09]}
{[%emt 00:00:27]} Kg7 {[%clk 00:12:21]} {[%emt 00:00:34]} 35. Qc3+ {[%clk
00:14:49]} {[%emt 00:01:50]} Kg8 {[%clk 00:12:24]} {[%emt 00:00:27]} 36. Qc4
{[%clk 00:14:50]} {[%emt 00:00:30]} Kg7 {[%clk 00:12:25]} {[%emt 00:00:29]} 37.
Ne5 {[%clk 00:14:32]} {[%emt 00:00:47]} Rf6 {[%clk 00:10:34]} {[%emt 00:02:22]}
38. Qxe4 {[%clk 00:14:33]} {[%emt 00:00:27]} Rxd6 {[%clk 00:10:33]} {[%emt
00:00:33]} 39. Rxd6 {[%clk 00:14:43]} {[%emt 00:00:20]} Qxd6 {[%clk 00:10:55]}
{[%emt 00:00:07]} 40. Rd1 {[%clk 00:15:03]} {[%emt 00:00:10]} 1-0

[Event "DVM U20w 2023"]
[Site "Magdeburg GER"]
[Date "2023.12.28"]
[Round "4"]
[White "Walter, Kiara Laurien"]
[Black "Margaryan, Susanna"]
[Result "1/2-1/2"]
[Termination "normal"]
[Board "7.2"]
[WhiteElo "1450"]
[BlackElo "1464"]
[WhiteClock "00:55:07"]
[BlackClock "00:22:28"]
[WhiteTeam "SF Essen-Werden 1924/80"]
[BlackTeam "Elmshorner SC 1896"]
[PlyCount "123"]
[WhiteFideId "16284542"]
[BlackFideId "16268210"]
[EventCountry "GER"]
[EventRounds "7"]
[EventType "team-swiss"]
[EventDate "2023.12.26"]

1. d4 {[%clk 01:30:49]} {[%emt 00:00:12]} f5 {[%clk 01:30:28]} {[%emt
00:00:32]} 2. Nf3 {[%clk 01:30:47]} {[%emt 00:00:32]} Nf6 {[%clk 01:30:53]}
{[%emt 00:00:05]} 3. g3 {[%clk 01:31:08]} {[%emt 00:00:09]} e6 {[%clk
01:31:07]} {[%emt 00:00:16]} 4. Bg2 {[%clk 01:31:31]} {[%emt 00:00:07]} d5
{[%clk 01:31:21]} {[%emt 00:00:16]} 5. O-O {[%clk 01:31:50]} {[%emt 00:00:11]}
Be7 {[%clk 01:30:47]} {[%emt 00:01:04]} 6. c4 {[%clk 01:31:56]} {[%emt
00:00:25]} O-O {[%clk 01:30:39]} {[%emt 00:00:38]} 7. Nc3 {[%clk 01:31:25]}
{[%emt 00:01:00]} c6 {[%clk 01:29:40]} {[%emt 00:01:29]} 8. c5 {[%clk
01:30:24]} {[%emt 00:01:30]} Nbd7 {[%clk 01:28:03]} {[%emt 00:02:07]} 9. Bf4
{[%clk 01:26:40]} {[%emt 00:04:15]} Ne4 {[%clk 01:24:11]} {[%emt 00:04:23]} 10.
Qc1 {[%clk 01:24:06]} {[%emt 00:03:02]} Ndf6 {[%clk 01:19:18]} {[%emt
00:05:24]} 11. Nd1 {[%clk 01:21:52]} {[%emt 00:02:44]} h6 {[%clk 01:14:49]}
{[%emt 00:04:59]} 12. Ne5 {[%clk 01:20:44]} {[%emt 00:01:37]} Kh7 {[%clk
01:11:01]} {[%emt 00:04:19]} 13. f3 {[%clk 01:19:52]} {[%emt 00:01:21]} Ng5
{[%clk 00:59:04]} {[%emt 00:12:26]} 14. Bxg5 {[%clk 01:19:46]} {[%emt
00:00:37]} hxg5 {[%clk 00:58:35]} {[%emt 00:00:59]} 15. Qxg5 {[%clk 01:19:55]}
{[%emt 00:00:20]} Qe8 {[%clk 00:57:49]} {[%emt 00:01:17]} 16. Qd2 {[%clk
01:19:35]} {[%emt 00:00:48]} Qh5 {[%clk 00:56:12]} {[%emt 00:02:09]} 17. Nf2
{[%clk 01:19:01]} {[%emt 00:01:04]} Nd7 {[%clk 00:55:20]} {[%emt 00:01:23]} 18.
Ned3 {[%clk 01:15:46]} {[%emt 00:03:44]} g5 {[%clk 00:53:10]} {[%emt 00:02:40]}
19. g4 {[%clk 01:14:52]} {[%emt 00:01:25]} Qg6 {[%clk 00:53:04]} {[%emt
00:00:36]} 20. e4 {[%clk 01:13:32]} {[%emt 00:01:50]} f4 {[%clk 00:51:59]}
{[%emt 00:01:35]} 21. e5 {[%clk 01:12:45]} {[%emt 00:01:17]} b6 {[%clk
00:48:55]} {[%emt 00:03:34]} 22. b4 {[%clk 01:12:48]} {[%emt 00:00:26]} Ba6
{[%clk 00:47:31]} {[%emt 00:01:54]} 23. Rfe1 {[%clk 01:07:45]} {[%emt
00:05:33]} Rh8 {[%clk 00:39:36]} {[%emt 00:08:25]} 24. Bf1 {[%clk 01:07:08]}
{[%emt 00:01:07]} Qh6 {[%clk 00:39:19]} {[%emt 00:00:48]} 25. Qc2 {[%clk
01:03:02]} {[%emt 00:04:34]} Kg7 {[%clk 00:38:53]} {[%emt 00:00:58]} 26. Nh1
{[%clk 00:58:46]} {[%emt 00:04:45]} bxc5 {[%clk 00:37:40]} {[%emt 00:01:44]}
27. bxc5 {[%clk 00:58:40]} {[%emt 00:00:35]} Qh7 {[%clk 00:36:13]} {[%emt
00:01:57]} 28. Rad1 {[%clk 00:57:16]} {[%emt 00:01:55]} Nxc5 {[%clk 00:31:14]}
{[%emt 00:05:29]} 29. Rd2 {[%clk 00:53:06]} {[%emt 00:04:39]} Nxd3 {[%clk
00:30:11]} {[%emt 00:01:33]} 30. Bxd3 {[%clk 00:53:21]} {[%emt 00:00:16]} Bxd3
{[%clk 00:30:27]} {[%emt 00:00:15]} 31. Qxd3 {[%clk 00:53:32]} {[%emt
00:00:18]} Bb4 {[%clk 00:29:25]} {[%emt 00:01:31]} 32. Qxh7+ {[%clk 00:52:34]}
{[%emt 00:01:28]} Rxh7 {[%clk 00:29:41]} {[%emt 00:00:14]} 33. Red1 {[%clk
00:52:47]} {[%emt 00:00:17]} Bxd2 34. Rxd2 {[%clk 00:53:16]} Rb8 {[%clk
00:29:20]} {[%emt 00:01:13]} 35. Nf2 {[%clk 00:52:52]} {[%emt 00:00:53]} Kg6
{[%clk 00:29:15]} {[%emt 00:00:36]} 36. Nd3 {[%clk 00:52:54]} {[%emt 00:00:28]}
Rhb7 {[%clk 00:28:51]} {[%emt 00:00:54]} 37. Kg2 {[%clk 00:52:08]} {[%emt
00:01:16]} Kf7 {[%clk 00:28:26]} {[%emt 00:00:56]} 38. h4 {[%clk 00:51:43]}
{[%emt 00:00:54]} gxh4 {[%clk 00:27:41]} {[%emt 00:01:15]} 39. Kh3 {[%clk
00:51:52]} {[%emt 00:00:21]} Rb1 {[%clk 00:23:12]} {[%emt 00:04:59]} 40. Kxh4
{[%clk 00:50:43]} {[%emt 00:01:39]} Rg8 {[%clk 00:22:11]} {[%emt 00:01:31]} 41.
Nxf4 {[%clk 00:50:37]} {[%emt 00:00:37]} Rh1+ {[%clk 00:22:29]} {[%emt
00:00:11]} 42. Kg3 {[%clk 00:50:49]} {[%emt 00:00:19]} Rb8 {[%clk 00:19:14]}
{[%emt 00:03:44]} 43. Rc2 {[%clk 00:49:55]} {[%emt 00:01:23]} Rb6 {[%clk
00:19:22]} {[%emt 00:00:22]} 44. g5 {[%clk 00:45:45]} {[%emt 00:04:41]} Rhb1
{[%clk 00:17:18]} {[%emt 00:02:34]} 45. g6+ {[%clk 00:42:16]} {[%emt 00:03:59]}
Kg7 {[%clk 00:12:19]} {[%emt 00:05:30]} 46. Nxe6+ {[%clk 00:40:49]} {[%emt
00:01:57]} Kxg6 {[%clk 00:12:36]} {[%emt 00:00:13]} 47. Nd8 {[%clk 00:40:43]}
{[%emt 00:00:35]} R1b2 {[%clk 00:09:58]} {[%emt 00:03:08]} 48. Rxc6+ {[%clk
00:40:40]} {[%emt 00:00:33]} Rxc6 {[%clk 00:10:08]} {[%emt 00:00:20]} 49. Nxc6
{[%clk 00:41:06]} {[%emt 00:00:03]} Rxa2 {[%clk 00:09:16]} {[%emt 00:01:23]}
50. Ne7+ {[%clk 00:41:27]} {[%emt 00:00:09]} Kf7 {[%clk 00:08:43]} {[%emt
00:01:03]} 51. Nxd5 {[%clk 00:41:49]} {[%emt 00:00:08]} a5 {[%clk 00:08:51]}
{[%emt 00:00:22]} 52. Kf4 {[%clk 00:41:54]} {[%emt 00:00:26]} a4 {[%clk
00:07:38]} {[%emt 00:01:43]} 53. Nc3 {[%clk 00:42:09]} {[%emt 00:00:14]} Ra1
{[%clk 00:06:44]} {[%emt 00:01:24]} 54. Nxa4 {[%clk 00:40:30]} {[%emt
00:02:09]} Rxa4 {[%clk 00:06:58]} {[%emt 00:00:17]} 55. Ke4 {[%clk 00:40:52]}
{[%emt 00:00:07]} Ke7 {[%clk 00:28:35]} {[%emt 00:08:53]} 56. f4 {[%clk
01:10:40]} {[%emt 00:00:42]} Rb4 {[%clk 00:27:18]} {[%emt 00:01:47]} 57. f5
{[%clk 01:09:22]} {[%emt 00:01:48]} Ra4 {[%clk 00:26:22]} {[%emt 00:01:27]} 58.
Kd5 {[%clk 01:02:30]} {[%emt 00:07:22]} Ra5+ {[%clk 00:23:52]} {[%emt
00:03:00]} 59. Kc6 {[%clk 01:00:47]} {[%emt 00:02:11]} Ra1 {[%clk 00:23:22]}
{[%emt 00:01:01]} 60. Kd5 {[%clk 00:59:40]} {[%emt 00:01:37]} Ra5+ {[%clk
00:23:12]} {[%emt 00:00:40]} 61. Ke4 {[%clk 00:56:48]} {[%emt 00:03:21]} Ra4
{[%clk 00:22:28]} {[%emt 00:01:14]} 62. Kd5 {[%clk 00:55:07]} {[%emt 00:02:11]}
1/2-1/2

[Event "DVM U20w 2023"]
[Site "Magdeburg GER"]
[Date "2023.12.28"]
[Round "4"]
[White "Neitzel, Emma"]
[Black "Barthelmes, Venice"]
[Result "1/2-1/2"]
[Termination "normal"]
[Board "7.3"]
[WhiteElo "1118"]
[BlackElo "1436"]
[WhiteClock "00:48:13"]
[BlackClock "00:28:52"]
[WhiteTeam "Elmshorner SC 1896"]
[BlackTeam "SF Essen-Werden 1924/80"]
[PlyCount "78"]
[WhiteFideId "16298373"]
[BlackFideId "16261003"]
[EventCountry "GER"]
[EventRounds "7"]
[EventType "team-swiss"]
[EventDate "2023.12.26"]

1. d4 {[%clk 01:30:57]} {[%emt 00:00:02]} d5 {[%clk 01:30:47]} {[%emt
00:00:14]} 2. c4 {[%clk 01:31:21]} {[%emt 00:00:06]} e6 {[%clk 01:30:59]}
{[%emt 00:00:18]} 3. Nc3 {[%clk 01:31:40]} {[%emt 00:00:11]} Nf6 {[%clk
01:31:17]} {[%emt 00:00:12]} 4. Nf3 {[%clk 01:30:42]} {[%emt 00:01:28]} Be7
{[%clk 01:31:31]} {[%emt 00:00:15]} 5. Bf4 {[%clk 01:29:13]} {[%emt 00:01:58]}
O-O {[%clk 01:31:26]} {[%emt 00:00:37]} 6. e3 {[%clk 01:29:24]} {[%emt
00:00:19]} Nbd7 {[%clk 01:31:11]} {[%emt 00:00:44]} 7. cxd5 {[%clk 01:28:09]}
{[%emt 00:01:46]} Nxd5 {[%clk 01:31:26]} {[%emt 00:00:15]} 8. Nxd5 {[%clk
01:28:18]} {[%emt 00:00:20]} exd5 {[%clk 01:31:51]} {[%emt 00:00:05]} 9. Bd3
{[%clk 01:28:19]} {[%emt 00:00:29]} Nf6 {[%clk 01:32:01]} {[%emt 00:00:20]} 10.
O-O {[%clk 01:27:44]} {[%emt 00:01:06]} Re8 {[%clk 01:31:09]} {[%emt 00:01:21]}
11. Rc1 {[%clk 01:25:46]} {[%emt 00:02:27]} c6 {[%clk 01:26:36]} {[%emt
00:05:04]} 12. Qc2 {[%clk 01:23:45]} {[%emt 00:02:29]} Bd6 {[%clk 01:23:52]}
{[%emt 00:03:15]} 13. Bxd6 {[%clk 01:22:48]} {[%emt 00:01:27]} Qxd6 {[%clk
01:24:14]} {[%emt 00:00:09]} 14. Rfe1 {[%clk 01:22:32]} {[%emt 00:00:44]} Ne4
{[%clk 01:22:58]} {[%emt 00:01:48]} 15. Bxe4 {[%clk 01:21:34]} {[%emt
00:01:27]} Rxe4 {[%clk 01:20:21]} {[%emt 00:03:08]} 16. Qc5 {[%clk 01:12:24]}
{[%emt 00:09:39]} Qxc5 {[%clk 01:17:27]} {[%emt 00:03:26]} 17. Rxc5 {[%clk
01:12:37]} {[%emt 00:00:16]} Bf5 {[%clk 01:16:29]} {[%emt 00:01:28]} 18. Nd2
{[%clk 01:10:51]} {[%emt 00:02:15]} Re6 {[%clk 01:13:55]} {[%emt 00:03:04]} 19.
f3 {[%clk 01:08:28]} {[%emt 00:02:53]} Bg6 {[%clk 01:10:42]} {[%emt 00:03:43]}
20. Kf2 {[%clk 01:06:02]} {[%emt 00:02:55]} Rae8 {[%clk 01:09:35]} {[%emt
00:01:39]} 21. a4 {[%clk 01:03:44]} {[%emt 00:02:47]} h6 {[%clk 01:07:44]}
{[%emt 00:02:22]} 22. b4 {[%clk 01:01:44]} {[%emt 00:02:30]} Bh7 {[%clk
01:06:00]} {[%emt 00:02:14]} 23. b5 {[%clk 01:01:19]} {[%emt 00:00:56]} g5
{[%clk 01:06:08]} {[%emt 00:00:21]} 24. bxc6 {[%clk 01:01:00]} {[%emt
00:00:48]} bxc6 {[%clk 01:05:15]} {[%emt 00:01:24]} 25. g4 {[%clk 01:00:17]}
{[%emt 00:01:12]} Rb8 {[%clk 01:04:23]} {[%emt 00:01:22]} 26. Rc3 {[%clk
00:59:44]} {[%emt 00:01:03]} Rb2 {[%clk 01:02:33]} {[%emt 00:02:20]} 27. Re2
{[%clk 00:59:36]} {[%emt 00:00:37]} Ra2 {[%clk 01:00:57]} {[%emt 00:02:07]} 28.
Nb3 {[%clk 00:59:42]} {[%emt 00:00:24]} Rxe2+ {[%clk 00:58:46]} {[%emt
00:02:42]} 29. Kxe2 {[%clk 00:59:57]} {[%emt 00:00:14]} f5 {[%clk 00:56:43]}
{[%emt 00:02:33]} 30. Nc5 {[%clk 00:58:47]} {[%emt 00:01:41]} Re7 {[%clk
00:52:30]} {[%emt 00:04:43]} 31. h3 {[%clk 00:57:43]} {[%emt 00:01:34]} f4
{[%clk 00:51:12]} {[%emt 00:01:48]} 32. Kd2 {[%clk 00:55:45]} {[%emt 00:02:28]}
Kf8 {[%clk 00:45:42]} {[%emt 00:06:01]} 33. Na6 {[%clk 00:55:12]} {[%emt
00:01:02]} fxe3+ {[%clk 00:38:05]} {[%emt 00:08:07]} 34. Rxe3 {[%clk 00:55:30]}
{[%emt 00:00:11]} Rxe3 {[%clk 00:38:01]} {[%emt 00:00:34]} 35. Kxe3 {[%clk
00:55:53]} {[%emt 00:00:07]} Ke7 {[%clk 00:38:18]} {[%emt 00:00:14]} 36. Kd2
{[%clk 00:54:14]} {[%emt 00:02:09]} Kd6 {[%clk 00:35:24]} {[%emt 00:03:24]} 37.
a5 {[%clk 00:51:38]} {[%emt 00:03:06]} Bb1 {[%clk 00:33:36]} {[%emt 00:02:17]}
38. Nc5 {[%clk 00:49:45]} {[%emt 00:02:24]} Ba2 {[%clk 00:30:53]} {[%emt
00:03:13]} 39. Ke3 {[%clk 00:48:13]} {[%emt 00:02:03]} Ke7 {[%clk 00:28:52]}
{[%emt 00:02:29]} 1/2-1/2